The creative process : a symposium

Αποθηκεύτηκε σε:
Λεπτομέρειες βιβλιογραφικής εγγραφής
Άλλοι συγγραφείς: Ghiselin, Brewster, 1903-2002 (Επιμελητής έκδοσης, Συγγραφέας εισαγωγής κ.λπ.)
Μορφή: Βιβλίο
Γλώσσα:English
Δημοσίευση: Berkeley : University of California Press, 1985, c1952.
Θέματα:
Ετικέτες: Προσθήκη ετικέτας
Δεν υπάρχουν, Καταχωρήστε ετικέτα πρώτοι!

MARC

LEADER 00000cam a2200000 i 4500
001 1/70303
008 050124s1985 cau| ||| |||| ||eng||
020 |a 0520054539 
035 |l 10076185 
040 |a GR-MyUa  |b gre  |e AACR2 
041 0 |a eng 
082 7 |a 153.35   |2 (21) 
245 0 4 |a The creative process :   |b a symposium /   |c edited and with an introduction by Brewster Ghiselin. 
260 |a Berkeley :   |b University of California Press,   |c 1985, c1952. 
300 |a 259 σ. ;   |c 23 εκ. 
504 |a Περιλαμβάνει βιβλιογραφικές παραπομπές. 
650 0 |a Creation (Literary, artistic, etc.) 
650 0 |a Imagination. 
700 1 |a Ghiselin, Brewster,   |d 1903-2002,  |e edt  |e aui 
852 |a INST  |b SYROS  |e 20050124  |h 153.35 CRE  |p 005500003675  |q 005500003675  |t BK  |y 0 
901 |a BIBL5-2005-1 
920 |a Διεύρυνση  |b ΕΠΕΑΕΚ-ΤΜΣΠΣ  |y Σύρος  |z 2004-10 
970 |a Κοντού  |b Παρασκευή  |z 24/01/2005